ბათუმის შოთა რუსთაველის სახელმწიფო უნივერსიტეტის ბიბლიოთეკა

დიპლომატიური პროტოკოლი და ეტიკეტი / (ბიბ.ჩანაწერი № 55572)

000 -ლიდერი
ფიქსირებული სიგრძის საკონტროლო ველი 01624nam a2200301Ia 4500
001 - საკონტროლო ნომერი
საკონტროლო ველი 22654
003 - საკონტროლო ნომრის იდენტიფიკატორი
საკონტროლო ველი GE_BSU
005 - ბოლო ოპერაციის თარიღი და დრო
საკონტროლო ველი 20230410161428.0
008 - ფიქსირებული სიგრძის მონაცემთა ელემენტები - ზოგადი ინფორმაცია
ფიქსირებული სიგრძის საკონტროლო ველი 181216s ||||ge |||||||||||||| ||geo||
020 ## - წიგნის საერთაშორისო სტანდარტული ნომერი
International Standard Book Number 9789941278105
040 ## - კატალოგიზაციის წყარო
Transcribing agency GE_BSU
041 ## - ენის კოდი
Language code of text/sound track or separate title geo
080 ## - უნივერსალური ათობითი კლასიფიკაციის ინდექსი
Universal Decimal Classification number 341.75+395.6 კ-87
100 ## - მთავარი ჩანაწერი - პიროვნების სახელი
Personal name კუბლაშვილი, გიგი
9 (RLIN) 17587
245 ## - ცნობა სათაურის შესახებ
Title დიპლომატიური პროტოკოლი და ეტიკეტი /
Statement of responsibility, etc გიგი კუბლაშვილი, ნინო თუხარელი, გიორგი ლორია ; ტექნ. რედაქტორი მარიამ გლახოშვილი ; ყდის დიზაინერი ხათუნა ხომერიკი.
250 ## - გამოცემის ცნობა
Edition statement I -ლი გამოცემა
264 ## - წარმოების, გამოცემის, დისტრიბუციის და სხვა ცნობები
გამოცემის, წარმოების, დისტრიბუციის... ადგილი თბილისი :
გამოცემის, წარმოების, დისტრიბუციის... სახელწოდება შავი ზღვის საერთაშორისო უნ-ტი,
გამოცემის, წარმოების, დისტრიბუციის... თარიღი 2018.
300 ## - ფიზიკური აღწერა
Extent 58 გვ. ;
Dimensions 21 სმ.
490 ## - სერიის ცნობა
Series statement IBSU პუბლიკაციები ;
Volume number/sequential designation ♯12
504 ## - BIBLIOGRAPHY, ETC. NOTE
Bibliography, etc ბიბლიოგრ. გვ.58
653 ## - INDEX TERM--UNCONTROLLED
Uncontrolled term დიპლომატიური პროტოკოლი და ეტიკეტი
653 ## - INDEX TERM--UNCONTROLLED
Uncontrolled term სამართალი
653 ## - INDEX TERM--UNCONTROLLED
Uncontrolled term ცერემონიალი ეტიკეტი საზოგადოებაში ქცევის წესები
700 ## - ADDED ENTRY--PERSONAL NAME
Personal name თუხარელი, ნინო
Relator term ავტორი
9 (RLIN) 17588
700 ## - ADDED ENTRY--PERSONAL NAME
Personal name ლორია, გიორგი
Relator term ავტორი
9 (RLIN) 17589
942 ## - ADDED ENTRY ELEMENTS (KOHA)
Koha item type წიგნი
Source of classification or shelving scheme
ეგზემპლარები
ჩამოწერის სტატუსი დაკარგული ეგზემპლარის სტატუსი კლასიფიკაციის წყარო ან თაროზე გაწყობის სქემა დაზიანების სტატუსი არ გაიცემა მუდმივი მდებარეობა (დაცვის ადგილი) ამჟამინდელი ადგილსამყოფელი თაროზე განთავსების ადგილი შეძენის თარიღი ღირებულება, შესყიდვის ნორმალური ფასი სრული შენახვის შიფრი შტრიხკოდი ბოლო ოპერაციის თარიღი ეგზემპლარის მიმდევრობითი ნომერი (კეტერი?) ფასის ძალაში შესვლის თარიღი ეგზემპლარის სახეობა საჯარო შენიშვნა
          ბათუმის შოთა რუსთაველის სახელმწიფო უნივერსიტეტის მთავარი ბიბლიოთეკა ბათუმის შოთა რუსთაველის სახელმწიფო უნივერსიტეტის მთავარი ბიბლიოთეკა წიგნსაცავი 2018-12-17 2.48 341.75+395.6 კ-87 58073 2018-12-17 58073 2018-12-17 წიგნი 2.48 ₾.